[Event "SVK-chT2C 2223"]
[Site "Slovakia"]
[Date "2022.11.13"]
[Round "4.6"]
[White "Balint, Vladimir"]
[Black "Dobes, Milan"]
[Result "1/2-1/2"]
[WhiteElo "1914"]
[BlackElo "1869"]
[PlyCount "113"]
[EventDate "2022.10.08"]
[EventType "team-tourn"]
[EventRounds "11"]
[EventCountry "SVK"]
[SourceTitle "EXT 2024"]
[Source "ChessBase"]
[SourceDate "2023.10.10"]
[SourceVersion "1"]
[SourceVersionDate "2023.10.10"]
[SourceQuality "1"]
[WhiteTeam "Martin Medea"]
[BlackTeam "Rajecke Teplice"]
[WhiteTeamCountry "SVK"]
[BlackTeamCountry "SVK"]

1. e4 e6 2. d4 d5 3. Nc3 Bb4 4. a3 Bxc3+ 5. bxc3 dxe4 6. Qg4 Nf6 7. Qxg7 Rg8 8. Qh6 c5 9. Ne2 Nbd7 10. g3 b6 11. Be3 Bb7 12. Nf4 Rc8 13. Bb5 Bc6 14. Bxc6 Rxc6 15. 0-0 c4 16. Rad1 Qc7 17. Nh5 Nxh5 18. Qxh5 Nf6 19. Qh4 Rg6 20. Bf4 Qd7 21. Be5 Nd5 22. Qxh7 Qe7 23. Rde1 Qf8 24. Rxe4 Rh6 25. Qg7 Qxg7 26. Bxg7 Rg6 27. Be5 f6 28. Bb8 Nxc3 29. Rh4 Kf7 30. Re1 Rg8 31. Bf4 Nb5 32. Bc1 Rd6 33. Kg2 Nxd4 34. c3 Nc6 35. Rxc4 Rgd8 36. a4 Na5 37. Rg4 Nc6 38. Bh6 Rg8 39. Rc4 Ne5 40. Rc7+ Rd7 41. Rxd7+ Nxd7 42. Re4 Ne5 43. Bf4 Nd7 44. Rc4 Nc5 45. a5 Rc8 46. axb6 axb6 47. Bd6 e5 48. Bxc5 b5 49. Rb4 Rxc5 50. h4 f5 51. Kf1 Kg6 52. Ke2 Kh5 53. Kd3 Rd5+ 54. Ke2 Rc5 55. Kd3 Rd5+ 56. Ke3 Rc5 57. Kd3 1/2-1/2

[Event "SVK-chT2C 2122"]
[Site "Slovakia"]
[Date "2022.03.27"]
[Round "9.6"]
[White "Korenova, Simona"]
[Black "Dobes, Milan"]
[Result "1-0"]
[WhiteElo "1900"]
[BlackElo "1903"]
[PlyCount "65"]
[EventDate "2021.10.16"]
[EventType "team-tourn"]
[EventRounds "11"]
[EventCountry "SVK"]
[SourceTitle "EXT 2023"]
[Source "ChessBase"]
[SourceDate "2022.10.05"]
[SourceVersion "1"]
[SourceVersionDate "2022.10.05"]
[SourceQuality "1"]
[WhiteTeam "Liptov Chess School III"]
[BlackTeam "Rajecke Teplice"]
[WhiteTeamCountry "SVK"]
[BlackTeamCountry "SVK"]

1. c4 Nf6 2. Nc3 c5 3. g3 g6 4. Bg2 Bg7 5. e3 0-0 6. Nge2 a6 7. 0-0 Qc7 8. Rb1 Nc6 9. d4 d6 10. b3 Rb8 11. Bb2 Bg4 12. Qd2 Qc8 13. d5 Ne5 14. f4 Bxe2 15. Qxe2 Ned7 16. e4 Qc7 17. Nd1 Ne8 18. Nf2 Bxb2 19. Rxb2 Ng7 20. Nd3 f6 21. Bh3 Rfc8 22. Qg4 Rd8 23. Qh4 Nf8 24. Nf2 h5 25. g4 b5 26. Rc2 bxc4 27. bxc4 Kf7 28. gxh5 Nxh5 29. f5 Ng7 30. Ng4 gxf5 31. exf5 Nd7 32. Qh7 Nf8 33. Nh6+ 1-0

[Event "SVK-chT2C 2122"]
[Site "Slovakia"]
[Date "2022.03.26"]
[Round "8.5"]
[White "Petras, Marian"]
[Black "Dobes, Milan"]
[Result "0-1"]
[WhiteElo "2080"]
[BlackElo "1903"]
[PlyCount "120"]
[EventDate "2021.10.16"]
[EventType "team-tourn"]
[EventRounds "11"]
[EventCountry "SVK"]
[SourceTitle "EXT 2023"]
[Source "ChessBase"]
[SourceDate "2022.10.05"]
[SourceVersion "1"]
[SourceVersionDate "2022.10.05"]
[SourceQuality "1"]
[WhiteTeam "Ondrasova Krivan"]
[BlackTeam "Rajecke Teplice"]
[WhiteTeamCountry "SVK"]
[BlackTeamCountry "SVK"]

1. e4 e6 2. d4 d5 3. e5 c5 4. c3 Qb6 5. Nf3 Bd7 6. Be2 Bb5 7. 0-0 Bxe2 8. Qxe2 Qa6 9. Qxa6 Nxa6 10. a3 c4 11. Ng5 h6 12. Nh3 Ne7 13. f4 g6 14. a4 Nc7 15. Na3 a6 16. Bd2 Nc6 17. g4 h5 18. Nf2 hxg4 19. Nxg4 Bg7 20. Kg2 Na5 21. b4 Nb3 22. Ra2 Kd7 23. Rf3 b5 24. a5 Rh5 25. Be3 Rah8 26. Nc2 Ne8 27. h3 Bf8 28. Ne1 Be7 29. Bf2 Ng7 30. Ne3 Nf5 31. Nxf5 Rxf5 32. Rc2 Na1 33. Rc1 Nb3 34. Rd1 Kc6 35. Kh2 Kd7 36. Be3 Bh4 37. Ng2 Be7 38. Rdf1 Rfh5 39. Rg3 Kc6 40. Rff3 Kd7 41. Kg1 Kc6 42. Kf1 Kd7 43. Ke2 Rf5 44. Kd1 Kc6 45. Bg1 Rfh5 46. Bh2 Kd7 47. Re3 Kc6 48. Ref3 Kd7 49. Bg1 Kc6 50. Be3 Kd7 51. f5 Rxf5 52. Rxf5 exf5 53. Nf4 g5 54. Nxd5 f4 55. Bxf4 gxf4 56. Nxf4 Rh4 57. Nd5 Nxd4 58. Nb6+ Ke6 59. cxd4 Rxd4+ 60. Kc2 Bxb4 0-1

[Event "SVK-chT2C 2122"]
[Site "Slovakia"]
[Date "2021.10.17"]
[Round "2.5"]
[White "Dobes, Milan"]
[Black "Homolka, Jakub"]
[Result "1-0"]
[WhiteElo "1926"]
[BlackElo "1753"]
[PlyCount "51"]
[EventDate "2021.10.16"]
[EventType "team-tourn"]
[EventRounds "11"]
[EventCountry "SVK"]
[SourceTitle "EXT 2023"]
[Source "ChessBase"]
[SourceDate "2022.10.05"]
[SourceVersion "1"]
[SourceVersionDate "2022.10.05"]
[SourceQuality "1"]
[WhiteTeam "Rajecke Teplice"]
[BlackTeam "Bziny"]
[WhiteTeamCountry "SVK"]
[BlackTeamCountry "SVK"]

1. e4 c5 2. d4 d6 3. dxc5 dxc5 4. Qxd8+ Kxd8 5. Bc4 e6 6. Nf3 Nc6 7. 0-0 b6 8. Nc3 Bb7 9. Bf4 Ke7 10. Rad1 Rd8 11. Rxd8 Kxd8 12. Ng5 Nh6 13. Rd1+ Ke8 14. Nb5 e5 15. Nc7+ Ke7 16. Bg3 f6 17. Nge6 Nd4 18. Nxd4 cxd4 19. c3 Kd7 20. Ne6 b5 21. Nxf8+ Rxf8 22. Bxb5+ Ke6 23. cxd4 Rd8 24. d5+ Kd6 25. f3 Rc8 26. Be1 1-0

[Event "SVK-chT2C 2122"]
[Site "Slovakia"]
[Date "2021.10.16"]
[Round "1.5"]
[White "Uhrincat, Ivan"]
[Black "Dobes, Milan"]
[Result "0-1"]
[WhiteElo "1934"]
[BlackElo "1926"]
[PlyCount "134"]
[EventDate "2021.10.16"]
[EventType "team-tourn"]
[EventRounds "11"]
[EventCountry "SVK"]
[SourceTitle "EXT 2023"]
[Source "ChessBase"]
[SourceDate "2022.10.05"]
[SourceVersion "1"]
[SourceVersionDate "2022.10.05"]
[SourceQuality "1"]
[WhiteTeam "Banska Bystrica Kurta"]
[BlackTeam "Rajecke Teplice"]
[WhiteTeamCountry "SVK"]
[BlackTeamCountry "SVK"]

1. d4 Nf6 2. c4 c5 3. d5 e6 4. Nc3 exd5 5. cxd5 d6 6. e4 g6 7. f4 Bg7 8. e5 dxe5 9. fxe5 Ng4 10. Bb5+ Kf8 11. Nf3 Nxe5 12. Bf4 Bg4 13. 0-0 Nxf3+ 14. gxf3 Bf5 15. Re1 Bd4+ 16. Kh1 Kg7 17. Qd2 h5 18. Ne2 Bf6 19. Ng3 Bh3 20. Ne4 Bd4 21. Nd6 a6 22. Be8 Qf6 23. Qxd4 cxd4 24. Be5 Nd7 25. Bxd7 Bxd7 26. Bxf6+ Kxf6 27. Rad1 Rad8 28. Rxd4 Bc8 29. Nxc8 Rxc8 30. Rd2 Rhd8 31. Kg2 Rd6 32. f4 Rcd8 33. Re5 Kg7 34. Kf3 R8d7 35. Ke4 Kf8 36. Rg5 f5+ 37. Ke5 Kf7 38. Rg3 Rb6 39. Rb3 Re7+ 40. Kd4 Rxb3 41. axb3 Re4+ 42. Kc5 Rxf4 43. Kd6 Rf1 44. Kd7 f4 45. d6 Rc1 46. Rf2 g5 47. h4 Kf6 48. hxg5+ Kxg5 49. Ke7 Re1+ 50. Kd8 Rd1 51. d7 Kg4 52. Kc8 Kg3 53. Rf1 Rxd7 54. Kxd7 f3 55. Rg1+ Kh2 56. Rg5 h4 57. Kc7 f2 58. Rf5 Kg3 59. Rg5+ Kf4 60. Rg8 h3 61. Rf8+ Ke3 62. Re8+ Kd2 63. Rf8 Ke2 64. Re8+ Kd1 65. Rd8+ Kc1 66. Rf8 h2 67. Rxf2 h1Q 0-1

[Event "SVK-chT2C 1920"]
[Site "Slovakia"]
[Date "2020.03.08"]
[Round "11.6"]
[White "Dobes, Milan"]
[Black "Moravcik, Jaroslav"]
[Result "0-1"]
[WhiteElo "1979"]
[BlackElo "2057"]
[PlyCount "64"]
[EventDate "2019.10.26"]
[EventType "team-tourn"]
[EventRounds "11"]
[EventCountry "SVK"]
[SourceTitle "CBM 195 Extra"]
[Source "ChessBase"]
[SourceDate "2020.05.31"]
[SourceVersion "1"]
[SourceVersionDate "2020.05.31"]
[SourceQuality "1"]
[WhiteTeam "Rajecke Teplice"]
[BlackTeam "Detva"]
[WhiteTeamCountry "SVK"]
[BlackTeamCountry "SVK"]

1. e4 c5 2. Bc4 e6 3. Qe2 Nc6 4. c3 a6 5. d3 b5 6. Bb3 d6 7. f4 Nf6 8. Nf3 Be7 9. 0-0 0-0 10. h3 a5 11. a4 b4 12. Bc4 d5 13. Bb5 dxe4 14. Bxc6 exf3 15. Qxf3 Rb8 16. c4 Qd6 17. Rd1 Rd8 18. Be3 Rb6 19. Ba8 Qb8 20. Nd2 Rxd3 21. Ne4 Rxe3 22. Qxe3 Qxa8 23. Ng3 Bb7 24. Rd2 Ne4 25. Nxe4 Bxe4 26. Rad1 Rb8 27. Rd7 Bf6 28. Qxc5 Bxg2 29. Qf2 Bxh3 30. b3 h6 31. Ra7 Qe4 32. Rxa5 Bh4 0-1

[Event "SVK-chT2C 1920"]
[Site "Slovakia"]
[Date "2019.12.15"]
[Round "6.5"]
[White "Dobes, Milan"]
[Black "Sustek, Vladimir"]
[Result "1/2-1/2"]
[WhiteElo "1979"]
[BlackElo "1966"]
[PlyCount "20"]
[EventDate "2019.10.26"]
[EventType "team-tourn"]
[EventRounds "11"]
[EventCountry "SVK"]
[SourceTitle "CBM 194 Extra"]
[Source "ChessBase"]
[SourceDate "2020.03.31"]
[SourceVersion "1"]
[SourceVersionDate "2020.03.31"]
[SourceQuality "1"]
[WhiteTeam "Rajecke Teplice"]
[BlackTeam "Zilina Mladost III"]
[WhiteTeamCountry "SVK"]
[BlackTeamCountry "SVK"]

1. e4 c5 2. Bc4 e5 3. c3 Nc6 4. d3 Be7 5. Nf3 Nf6 6. 0-0 0-0 7. Qe2 d6 8. Be3 Ng4 9. Nbd2 a6 10. Bd5 Kh8 1/2-1/2

[Event "SVK-chT2C 1920"]
[Site "Slovakia"]
[Date "2019.12.14"]
[Round "5.7"]
[White "Dobes, Milan"]
[Black "Hrnciarik, Pavol"]
[Result "1/2-1/2"]
[WhiteElo "1979"]
[BlackElo "1612"]
[PlyCount "84"]
[EventDate "2019.10.26"]
[EventType "team-tourn"]
[EventRounds "11"]
[EventCountry "SVK"]
[SourceTitle "CBM 194 Extra"]
[Source "ChessBase"]
[SourceDate "2020.03.31"]
[SourceVersion "1"]
[SourceVersionDate "2020.03.31"]
[SourceQuality "1"]
[WhiteTeam "Rajecke Teplice"]
[BlackTeam "Bziny"]
[WhiteTeamCountry "SVK"]
[BlackTeamCountry "SVK"]

1. e4 e5 2. Nf3 Nc6 3. Bb5 d6 4. d4 exd4 5. Nxd4 Bd7 6. Nxc6 Bxc6 7. Bxc6+ bxc6 8. Nc3 Nf6 9. 0-0 Be7 10. Be3 0-0 11. Qe2 Nd7 12. Rad1 Bf6 13. Bd4 Bxd4 14. Rxd4 Qe8 15. f4 Nb6 16. Rd3 f6 17. Re3 Qf7 18. b3 Rfe8 19. Re1 Kf8 20. e5 Nd5 21. Nxd5 Qxd5 22. e6 Re7 23. Qf2 Rae8 24. f5 Qc5 25. Rf3 Qxf2+ 26. Kxf2 Rb8 27. g4 Rb5 28. c4 Rc5 29. Ke3 Re5+ 30. Kd2 Rxe1 31. Kxe1 Re8 32. Kd2 Rd8 33. Kc3 Rb8 34. Rg3 Ke7 35. Kd3 Rd8 36. Ke4 Rg8 37. Rd3 Rb8 38. h4 g6 39. Kf4 Rg8 40. Rg3 a5 41. a3 Rb8 42. Rd3 Rh8 1/2-1/2

[Event "SVK-chT1E 1213"]
[Site "Slovakia"]
[Date "2012.12.09"]
[Round "4.8"]
[White "Dobes, Milan"]
[Black "Hujo, Jozef"]
[Result "1-0"]
[WhiteElo "1987"]
[BlackElo "2079"]
[PlyCount "77"]
[EventDate "2012.10.20"]
[EventType "team-tourn"]
[EventRounds "11"]
[EventCountry "SVK"]
[SourceTitle "EXT 2014"]
[Source "ChessBase"]
[SourceDate "2013.11.20"]
[SourceVersion "1"]
[SourceVersionDate "2013.11.20"]
[SourceQuality "1"]
[WhiteTeam "Rajecke Teplice"]
[BlackTeam "Michalovce Zemplin"]
[WhiteTeamCountry "SVK"]
[BlackTeamCountry "SVK"]

1. e4 e6 2. d4 d5 3. exd5 exd5 4. c4 Nf6 5. Nc3 Bb4 6. Bd3 0-0 7. Nge2 dxc4 8. Bxc4 Nc6 9. 0-0 a6 10. Bg5 Bd6 11. h3 Bf5 12. Nd5 Be7 13. Nxe7+ Qxe7 14. Re1 Qd6 15. Bd3 Bxd3 16. Qxd3 Nd5 17. a3 Rfe8 18. Nc3 h6 19. Be3 Re7 20. Bd2 Rae8 21. Rxe7 Rxe7 22. Nxd5 Qxd5 23. Be3 Rd7 24. Rd1 Ne5 25. Qc3 Nc4 26. Rc1 Nxe3 27. fxe3 c6 28. Qd3 c5 29. Qc4 Qxc4 30. Rxc4 cxd4 31. Rxd4 Rxd4 32. exd4 Kf8 33. Kf2 Ke7 34. Ke3 Ke6 35. g4 Kd5 36. Kd3 a5 37. a4 g6 38. b3 f6 39. Ke3 1-0

[Event "SVK-chT1E 1011"]
[Site "Slovakia"]
[Date "2011.02.13"]
[Round "7.6"]
[White "Dobes, Milan"]
[Black "Galovic, Stefan"]
[Result "0-1"]
[WhiteElo "2023"]
[BlackElo "2117"]
[PlyCount "104"]
[EventDate "2010.11.06"]
[EventType "team-tourn"]
[EventRounds "11"]
[EventCountry "SVK"]
[SourceTitle "EXT 2012"]
[Source "ChessBase"]
[SourceDate "2011.11.24"]
[SourceVersion "1"]
[SourceVersionDate "2011.11.24"]
[SourceQuality "1"]
[WhiteTeam "Rajecke Teplice"]
[BlackTeam "Svit"]
[WhiteTeamCountry "SVK"]
[BlackTeamCountry "SVK"]

1. e4 e5 2. Nf3 Nc6 3. Bb5 a6 4. Ba4 Nf6 5. d4 exd4 6. 0-0 Be7 7. e5 Ne4 8. Nxd4 0-0 9. Nxc6 bxc6 10. Bb3 d5 11. exd6 cxd6 12. Be3 d5 13. Nd2 Nc5 14. Qf3 a5 15. c3 Ba6 16. Bxc5 Bxc5 17. Rfe1 Qg5 18. Rad1 Rab8 19. Nf1 a4 20. Bxa4 Rxb2 21. Ne3 Bb5 22. Bxb5 Rxb5 23. Rb1 Ra5 24. Rb2 Ra3 25. Nc2 Qd2 26. Qe2 Qxe2 27. Rxe2 Rxc3 28. Ne1 g6 29. Rbc2 Bd4 30. Rxc3 Bxc3 31. Nd3 Rb8 32. g3 Kf8 33. Kg2 Rb5 34. f4 c5 35. Rc2 Bd4 36. a4 Ra5 37. Ra2 Bc3 38. Kf3 c4 39. Nf2 f5 40. Nd1 Bf6 41. Ne3 Ke7 42. h3 Kd6 43. g4 fxg4+ 44. hxg4 Kc5 45. g5 Bd8 46. Nxd5 Bxg5 47. Ne3 Bf6 48. Nc2 c3 49. Ke4 Kc4 50. Ra3 h5 51. Ke3 Be7 52. Ra1 Bc5+ 0-1

[Event "SVK-chT1E 0910"]
[Site "Slovakia"]
[Date "2010.01.17"]
[Round "7.3"]
[White "Dobes, Milan"]
[Black "Pal, Peter"]
[Result "0-1"]
[WhiteElo "2058"]
[BlackElo "2124"]
[PlyCount "74"]
[EventDate "2009.10.17"]
[EventType "team"]
[EventRounds "11"]
[EventCountry "SVK"]
[SourceTitle "EXT 2011"]
[Source "ChessBase"]
[SourceDate "2010.11.26"]
[SourceVersion "1"]
[SourceVersionDate "2010.11.26"]
[SourceQuality "1"]
[WhiteTeam "Rajecke Teplice"]
[BlackTeam "Filakovo"]
[WhiteTeamCountry "SVK"]
[BlackTeamCountry "SVK"]

1. e4 c5 2. Bc4 e6 3. Qe2 Be7 4. c3 d5 5. Bb3 Nf6 6. d3 0-0 7. Nf3 dxe4 8. dxe4 Qc7 9. 0-0 Rd8 10. Bg5 Nc6 11. Nbd2 b6 12. Rfd1 Bb7 13. Bh4 Nh5 14. Bxe7 Nxe7 15. Nf1 Ng6 16. Ng3 Nhf4 17. Qe3 h6 18. Ne2 Nxe2+ 19. Qxe2 Qf4 20. Nd2 Ne5 21. f3 a5 22. Nf1 Kh7 23. Rxd8 Rxd8 24. Rd1 Rxd1 25. Bxd1 Qc1 26. Qd2 Qa1 27. a3 Nc4 28. Qd7 Nxb2 29. Bc2 Qc1 30. Qxf7 Qxc2 31. Qxe6 Ba6 32. Qf5+ Kg8 33. Qe6+ Kh8 34. Qf7 Bc4 35. Qf8+ Bg8 36. h3 Nd1 37. Kh2 Qf2 0-1

[Event "SVK-chT1E 0910"]
[Site "Slovakia"]
[Date "2009.10.17"]
[Round "1.1"]
[White "Olsarova, Karolina"]
[Black "Dobes, Milan"]
[Result "1-0"]
[WhiteElo "2165"]
[BlackElo "2058"]
[PlyCount "55"]
[EventDate "2009.10.17"]
[EventType "team"]
[EventRounds "11"]
[EventCountry "SVK"]
[SourceTitle "EXT 2011"]
[Source "ChessBase"]
[SourceDate "2010.11.26"]
[SourceVersion "1"]
[SourceVersionDate "2010.11.26"]
[SourceQuality "1"]
[WhiteTeam "Liptov"]
[BlackTeam "Rajecke Teplice"]
[WhiteTeamCountry "SVK"]
[BlackTeamCountry "SVK"]

1. e4 e6 2. d4 d5 3. Nd2 Nc6 4. Ngf3 Nf6 5. e5 Nd7 6. c4 dxc4 7. Nxc4 Nb6 8. Nxb6 axb6 9. Bd3 Nb4 10. Bb1 c5 11. 0-0 Nc6 12. Bg5 Be7 13. Bxe7 Qxe7 14. dxc5 bxc5 15. Be4 Bd7 16. a3 h6 17. Rc1 0-0 18. Qb3 Na5 19. Qc3 Rfc8 20. Rfd1 Bc6 21. Nd2 b6 22. Bxc6 Nxc6 23. Nc4 Nd4 24. Rd2 Qa7 25. Nd6 Rd8 26. f4 Qa4 27. Rf1 Qc6 28. Rxd4 1-0

[Event "SVK-chT1E 0809"]
[Site "Slovakia"]
[Date "2009.02.08"]
[Round "9.5"]
[White "Dobes, Milan"]
[Black "Fedorko, Stefan"]
[Result "1-0"]
[WhiteElo "2060"]
[BlackElo "2153"]
[PlyCount "97"]
[EventDate "2008.10.18"]
[EventType "team-tourn"]
[EventRounds "11"]
[EventCountry "SVK"]
[SourceTitle "EXT 2010"]
[Source "ChessBase"]
[SourceDate "2010.11.25"]
[SourceVersion "1"]
[SourceVersionDate "2010.11.25"]
[SourceQuality "1"]
[WhiteTeam "Rajecke Teplice"]
[BlackTeam "Bardejov BSK"]
[WhiteTeamCountry "SVK"]
[BlackTeamCountry "SVK"]

1. e4 e5 2. Nf3 Nf6 3. d4 Nxe4 4. Bd3 d5 5. Nxe5 Nd7 6. Nxd7 Bxd7 7. 0-0 Bd6 8. c4 c6 9. Nc3 Nxc3 10. bxc3 0-0 11. cxd5 cxd5 12. Qb3 Qc7 13. g3 Bc6 14. Ba3 Rac8 15. Rfe1 g6 16. Re2 Rfe8 17. Rae1 Rxe2 18. Rxe2 b6 19. Bxd6 Qxd6 20. Qb4 Qxb4 21. cxb4 Kf8 22. Rc2 Bd7 23. Rxc8+ Bxc8 24. f4 Ke7 25. Kf2 Bg4 26. Bf1 Kd6 27. h3 Bd1 28. Bd3 Ba4 29. f5 g5 30. Kf3 h6 31. Ke3 Kc6 32. Kf2 Bb5 33. Bc2 Bc4 34. a3 Kb5 35. f6 a5 36. Bg6 axb4 37. axb4 fxg6 38. f7 Kxb4 39. f8Q+ Kb3 40. Qxh6 b5 41. Qxg6 Ka2 42. Qxg5 b4 43. Qd2+ Ka3 44. Qc1+ Ka2 45. Qd2+ Ka3 46. Ke3 b3 47. Qa5+ Kb2 48. Kd2 Bf1 49. h4 1-0

[Event "SVK-chT1E 0809"]
[Site "Slovakia"]
[Date "2008.11.22"]
[Round "3.4"]
[White "Dobes, Milan"]
[Black "Madar, Martin"]
[Result "1-0"]
[WhiteElo "2060"]
[BlackElo "2121"]
[PlyCount "31"]
[EventDate "2008.10.18"]
[EventType "team-tourn"]
[EventRounds "11"]
[EventCountry "SVK"]
[SourceTitle "EXT 2010"]
[Source "ChessBase"]
[SourceDate "2010.11.25"]
[SourceVersion "1"]
[SourceVersionDate "2010.11.25"]
[SourceQuality "1"]
[WhiteTeam "Rajecke Teplice"]
[BlackTeam "Liptov Chess School"]
[WhiteTeamCountry "SVK"]
[BlackTeamCountry "SVK"]

1. e4 d5 2. exd5 Nf6 3. c4 c6 4. d4 cxd5 5. Nc3 Nc6 6. Bg5 dxc4 7. d5 Ne5 8. Qd4 Nd3+ 9. Bxd3 cxd3 10. Nf3 e6 11. 0-0 Be7 12. Rfe1 0-0 13. dxe6 Bxe6 14. Rad1 h6 15. Bh4 Qa5 16. Re5 1-0

[Event "SVK-chT1E 0708"]
[Site "Slovakia"]
[Date "2008.03.15"]
[Round "10.5"]
[White "Rajnak, Daniel"]
[Black "Dobes, Milan"]
[Result "1-0"]
[WhiteElo "2196"]
[BlackElo "2019"]
[PlyCount "54"]
[EventDate "2007.10.13"]
[EventType "team-swiss"]
[EventRounds "11"]
[EventCountry "SVK"]
[SourceTitle "EXT 2009"]
[Source "ChessBase"]
[SourceDate "2008.11.26"]
[SourceVersion "1"]
[SourceVersionDate "2008.11.26"]
[SourceQuality "1"]
[WhiteTeam "Kosice Slavia UPJS II"]
[BlackTeam "Rajecke Teplice"]
[WhiteTeamCountry "SVK"]
[BlackTeamCountry "SVK"]

1. d4 Nf6 2. Nf3 c5 3. e3 g6 4. Be2 Bg7 5. 0-0 cxd4 6. exd4 d5 7. Nbd2 0-0 8. c3 Nc6 9. Re1 Qc7 10. Bf1 Bg4 11. Qb3 Rac8 12. a4 e6 13. h3 Bxf3 14. Nxf3 Na5 15. Qd1 a6 16. Bd3 Nd7 17. Bg5 Rfe8 18. Bc2 b5 19. axb5 axb5 20. Bd3 Nc4 21. Bc1 e5 22. dxe5 Ndxe5 23. Nxe5 Bxe5 24. Re2 d4 25. Qe1 Re7 26. cxd4 Bd6 27. b3 Rxe2 1-0

[Event "SVK-chT1E 0708"]
[Site "Slovakia"]
[Date "2008.02.09"]
[Round "8.2"]
[White "Gerbery, Richard"]
[Black "Dobes, Milan"]
[Result "1-0"]
[WhiteElo "2220"]
[BlackElo "2019"]
[PlyCount "71"]
[EventDate "2007.10.13"]
[EventType "team-swiss"]
[EventRounds "11"]
[EventCountry "SVK"]
[SourceTitle "EXT 2009"]
[Source "ChessBase"]
[SourceDate "2008.11.26"]
[SourceVersion "1"]
[SourceVersionDate "2008.11.26"]
[SourceQuality "1"]
[WhiteTeam "Michalovce Zemplin"]
[BlackTeam "Rajecke Teplice"]
[WhiteTeamCountry "SVK"]
[BlackTeamCountry "SVK"]

1. e4 e6 2. d4 d5 3. Nc3 Bb4 4. a3 Bxc3+ 5. bxc3 dxe4 6. Qg4 Nf6 7. Qxg7 Rg8 8. Qh6 Rg6 9. Qh4 Qd5 10. Nh3 e5 11. Bd2 Bxh3 12. Qxh3 Nc6 13. dxe5 Nxe5 14. Bf4 Rd8 15. Be2 Neg4 16. 0-0 Qc5 17. Rab1 b6 18. Rb5 Qc6 19. Rb4 Qb7 20. f3 c5 21. Rbb1 exf3 22. Bxf3 Qc8 23. Be2 c4 24. Be3 Qe6 25. Bxg4 Qxg4 26. Qxg4 Nxg4 27. Bd4 Re6 28. Rbe1 Rdd6 29. h3 Nh6 30. g4 Ng8 31. Kg2 Ne7 32. Kg3 Nc6 33. Bg7 Kd7 34. Rxf7+ Re7 35. Rexe7+ Nxe7 36. Bf8 1-0

[Event "SVK-chT1E 0708"]
[Site "Slovakia"]
[Date "2007.11.11"]
[Round "4.5"]
[White "Jelen, Peter"]
[Black "Dobes, Milan"]
[Result "0-1"]
[WhiteElo "2180"]
[BlackElo "2019"]
[PlyCount "42"]
[EventDate "2007.10.13"]
[EventType "team-swiss"]
[EventRounds "11"]
[EventCountry "SVK"]
[SourceTitle "EXT 2009"]
[Source "ChessBase"]
[SourceDate "2008.11.26"]
[SourceVersion "1"]
[SourceVersionDate "2008.11.26"]
[SourceQuality "1"]
[WhiteTeam "Liptov SK II"]
[BlackTeam "Rajecke Teplice"]
[WhiteTeamCountry "SVK"]
[BlackTeamCountry "SVK"]

1. e4 e6 2. d4 d5 3. e5 c5 4. dxc5 Bxc5 5. Qg4 Ne7 6. Qxg7 Rg8 7. Qxh7 Qb6 8. Nh3 Nbc6 9. Qd3 Nxe5 10. Qb5+ Bd7 11. Qxb6 Bxb6 12. f4 Ng4 13. Nc3 Nf5 14. Bd3 Nfe3 15. g3 Rc8 16. Bxe3 Nxe3 17. Kd2 e5 18. Bb5 Bxb5 19. Nxb5 Rxc2+ 20. Ke1 Ba5+ 21. Nc3 d4 0-1

[Event "SVK-chT1E 0607"]
[Site "Slovakia"]
[Date "2007.03.25"]
[Round "11.2"]
[White "Petr, Milan"]
[Black "Dobes, Milan"]
[Result "1/2-1/2"]
[WhiteElo "2053"]
[BlackElo "2061"]
[PlyCount "107"]
[EventDate "2006.10.07"]
[EventType "team-tourn"]
[EventRounds "11"]
[EventCountry "SVK"]
[SourceTitle "EXT 2008"]
[Source "ChessBase"]
[SourceDate "2007.11.25"]
[SourceVersion "1"]
[SourceVersionDate "2007.11.25"]
[SourceQuality "1"]
[WhiteTeam "Svit SO"]
[BlackTeam "Teplice Slovan Rajecke"]
[WhiteTeamCountry "SVK"]
[BlackTeamCountry "SVK"]

1. e4 e6 2. d4 d5 3. e5 c5 4. c3 Qb6 5. a3 Bd7 6. dxc5 Bxc5 7. Nh3 Bb5 8. Bxb5+ Qxb5 9. a4 Qd7 10. b4 Bb6 11. 0-0 a6 12. Na3 Ne7 13. Kh1 Qc7 14. Qe1 Nd7 15. f4 Rc8 16. Bb2 Ba7 17. a5 Nf5 18. Rf3 Qc6 19. Rd1 0-0 20. Rfd3 b5 21. axb6 Nxb6 22. Nc2 Nc4 23. Bc1 Qb7 24. Ng5 h6 25. Nf3 a5 26. bxa5 Nxa5 27. g4 Ne7 28. Ba3 Rfe8 29. Ncd4 Ng6 30. Qg3 Nc4 31. Bc1 Bb8 32. h4 Nb2 33. Bxb2 Qxb2 34. h5 Ne7 35. g5 hxg5 36. Nxg5 Nf5 37. Nxf5 exf5 38. Rg1 Ba7 39. Rg2 Qb1+ 40. Kh2 Rc6 41. Nh7 g6 42. hxg6 Rxg6 43. Nf6+ Kf8 44. Qxg6 fxg6 45. Rh3 Re7 46. Rh8+ Kf7 47. Nxd5 Kg7 48. Nxe7 Kxh8 49. Nxg6+ Kh7 50. e6 Qe1 51. Nf8+ Kh6 52. Rg6+ Kh5 53. Rg5+ Kh6 54. Rg6+ 1/2-1/2

[Event "SVK-chT1E 0607"]
[Site "Slovakia"]
[Date "2007.01.14"]
[Round "7.5"]
[White "Stanko, Ivan"]
[Black "Dobes, Milan"]
[Result "0-1"]
[WhiteElo "1998"]
[BlackElo "2061"]
[PlyCount "96"]
[EventDate "2006.10.07"]
[EventType "team-tourn"]
[EventRounds "11"]
[EventCountry "SVK"]
[SourceTitle "EXT 2008"]
[Source "ChessBase"]
[SourceDate "2007.11.25"]
[SourceVersion "1"]
[SourceVersionDate "2007.11.25"]
[SourceQuality "1"]
[WhiteTeam "Liptov SK Zapad"]
[BlackTeam "Teplice Slovan Rajecke"]
[WhiteTeamCountry "SVK"]
[BlackTeamCountry "SVK"]

1. e4 e6 2. d4 d5 3. e5 c5 4. c3 Qb6 5. Nf3 Bd7 6. a3 Bb5 7. Bd3 Qa6 8. Bxb5+ Qxb5 9. Qe2 Qxe2+ 10. Kxe2 Nc6 11. Be3 c4 12. Nbd2 f6 13. exf6 gxf6 14. Rhe1 Bd6 15. Kf1 Kd7 16. g3 Nge7 17. Nh4 Ng6 18. Ndf3 Nce7 19. Bh6 Rhg8 20. Re2 Nxh4 21. Nxh4 Rae8 22. Rae1 Ng6 23. Nf3 e5 24. dxe5 fxe5 25. Rd1 e4 26. Nd4 Ne5 27. Nf5 Nd3 28. Nxd6 Kxd6 29. Be3 a6 30. Kg1 h5 31. h4 Ref8 32. Kh2 Ke6 33. Red2 Rf3 34. Bd4 Rgf8 35. Kg2 R8f5 36. Rb1 Ne5 37. Bxe5 Rxe5 38. Re1 Rd3 39. Rde2 b5 40. Re3 Kd6 41. R1e2 Rf5 42. Kh3 Rxe3 43. fxe3 Rf3 44. Kh2 Ke5 45. Kg2 Kf5 46. Rf2 Kg4 47. Rxf3 exf3+ 48. Kf2 a5 0-1